Genetics of fitness and physical performance / (Record no. 480344)

000 -LEADER
fixed length control field 01097cam a2200313 a 4500
001 - CONTROL NUMBER
control field 4488132
003 - CONTROL NUMBER IDENTIFIER
control field ASAB
005 - DATE AND TIME OF LATEST TRANSACTION
control field 20180827062716.0
008 - FIXED-LENGTH DATA ELEMENTS--GENERAL INFORMATION
fixed length control field 970219s1997 ilua b 001 0 eng
010 ## - LIBRARY OF CONGRESS CONTROL NUMBER
LC control number 97009083
020 ## - INTERNATIONAL STANDARD BOOK NUMBER
International Standard Book Number 0-87322-951-7
040 ## - CATALOGING SOURCE
Original cataloging agency DLC
Transcribing agency ASAB
Modifying agency DLC
050 00 - LIBRARY OF CONGRESS CALL NUMBER
Classification number QP301
Item number .B76 1997
082 00 - DEWEY DECIMAL CLASSIFICATION NUMBER
Classification number 613.7
Edition number 21
100 1# - MAIN ENTRY--PERSONAL NAME
Personal name Bouchard, Claude.
9 (RLIN) 2352
245 10 - TITLE STATEMENT
Title Genetics of fitness and physical performance /
Statement of responsibility, etc. Claude Bouchard, Robert M. Malina, Louis Pérusse.
260 ## - PUBLICATION, DISTRIBUTION, ETC.
Place of publication, distribution, etc. Champaign, IL :
Name of publisher, distributor, etc. Human Kinetics,
Date of publication, distribution, etc. c1997.
300 ## - PHYSICAL DESCRIPTION
Extent viii, 400 p. :
Other physical details ill. ;
Dimensions 24 cm.
504 ## - BIBLIOGRAPHY, ETC. NOTE
Bibliography, etc. note Includes bibliographical references and index.
650 #0 - SUBJECT ADDED ENTRY--TOPICAL TERM
Topical term or geographic name entry element Physical fitness
General subdivision Genetic aspects.
9 (RLIN) 2353
650 #0 - SUBJECT ADDED ENTRY--TOPICAL TERM
Topical term or geographic name entry element Human genetics.
9 (RLIN) 2354
650 #0 - SUBJECT ADDED ENTRY--TOPICAL TERM
Topical term or geographic name entry element Medical genetics.
9 (RLIN) 2355
650 #0 - SUBJECT ADDED ENTRY--TOPICAL TERM
Topical term or geographic name entry element Phenotype.
9 (RLIN) 2356
700 1# - ADDED ENTRY--PERSONAL NAME
Personal name Malina, Robert M.
9 (RLIN) 2357
700 1# - ADDED ENTRY--PERSONAL NAME
Personal name Pérusse, Louis,
Dates associated with a name 1957-
9 (RLIN) 2358
906 ## - LOCAL DATA ELEMENT F, LDF (RLIN)
a 7
b cbc
c orignew
d 1
e ocip
f 19
g y-gencatlg
942 ## - ADDED ENTRY ELEMENTS (KOHA)
Source of classification or shelving scheme
Koha item type Book
Holdings
Withdrawn status Lost status Source of classification or shelving scheme Damaged status Not for loan Collection code Permanent Location Current Location Date acquired Total Checkouts Full call number Barcode Date last seen Price effective from Koha item type
            Atta-ur-Rahman School of Applied Biosciences (ASAB) Atta-ur-Rahman School of Applied Biosciences (ASAB) 11/29/2016   613.7 BOU ASAB2240 04/25/2018 11/29/2016 Book
© 2023 Central Library, National University of Sciences and Technology. All Rights Reserved.